Dictionnaire culturel du sport (notice n° 2197744)
[ vue normale ]
| 000 -LEADER | |
|---|---|
| fixed length control field | 01442cam a2200145 4500500 |
| 005 - DATE AND TIME OF LATEST TRANSACTION | |
| control field | 20260405085446.0 |
| 041 ## - LANGUAGE CODE | |
| Language code of text/sound track or separate title | fre |
| 042 ## - AUTHENTICATION CODE | |
| Authentication code | dc |
| 100 10 - MAIN ENTRY--PERSONAL NAME | |
| Personal name | Attali, Michaël |
| Relator term | author |
| 245 00 - TITLE STATEMENT | |
| Title | Dictionnaire culturel du sport |
| 260 ## - PUBLICATION, DISTRIBUTION, ETC. | |
| Name of publisher, distributor, etc. | Armand Colin,<br/> |
| Date of publication, distribution, etc. | 2010.<br/> |
| 520 ## - SUMMARY, ETC. | |
| Summary, etc. | Composante essentielle de la vie contemporaine, le sport pénètre désormais l’ensemble des univers de la vie individuelle et collective. On le pratique en amateur, en professionnel, en spectateur, on en parle en famille, entre amis… Plus qu’une simple manifestation sociale ou économique, le sport est devenu un phénomène culturel majeur. D’où l’intérêt de ce premier Dictionnaire culturel du sport qui fait dialoguer les disciplines, croiser les approches et les méthodes pour tenter de mieux cerner cet objet d’étude à part. Unique en son genre, il constitue un ouvrage de référence, de découverte et de réflexion, en phase avec la reconnaissance du sport comme élément culturel fondamental. - 300 entrées couvrant toute la sphère sportive : activités physiques, sportives et artistiques, institutions et compétitions, enjeux, idéologies et représentations - Des références bibliographiques permettant de prolonger la réflexion - Des renvois intelligents |
| 700 10 - ADDED ENTRY--PERSONAL NAME | |
| Personal name | Saint-Martin, Jean |
| Relator term | author |
| 856 41 - ELECTRONIC LOCATION AND ACCESS | |
| Uniform Resource Identifier | <a href="https://shs.cairn.info/dictionnaire-culturel-du-sport--9782200355470?lang=fr&redirect-ssocas=7080">https://shs.cairn.info/dictionnaire-culturel-du-sport--9782200355470?lang=fr&redirect-ssocas=7080</a> |
Pas d'exemplaire disponible.




Réseaux sociaux